Words Without Conventional Vowels (A,E,I,O,U) - Statistics

General Stats
  • This quiz has been taken 332 times
  • The average score is 7 of 12
Answer Stats
Answer % Correct
A type of song, usually religious. hymn
94%
A type of wild cat. lynx
88%
A traditional story or a widely held but false belief or idea. myth
76%
An Indo-Aryan ethnic group, traditionally itinerant. They prefer the name Roma. gypsy
68%
A mob initiated, extrajudicial execution often by hanging. lynch
65%
An underground room or vault beneath a church, used as a chapel or burial place. crypt
61%
A strong, regular, repeated pattern of movement or sound. rhythm
59%
A private romantic rendezvous between lovers. tryst
59%
An immature form of an insect or a mythological spirit of nature. nymph
52%
Resin used throughout history as a perfume, incense, and medicine. myrrh
48%
A sac-like pocket of membranous tissue that contains fluid, air, or other substances. cyst
41%
A term used in names of animals and plants that are much smaller than others. pygmy
29%
No matching quizzes found
Score Distribution
Percent of People with Each Score
Percentile by Number Answered
Your Score History
You have not taken this quiz